000 00431cam a2200169 4500
001 D12448
008 090401t1965 xxu||||| |||| 00| 0 eng d
035 _a(Sirsi) u3588
041 _aeng
100 _aCollins, W.G.
245 2 _aA study... of the land utilization of the parish of St. Catherine, Jamaica Vol. I II [Typescript]
260 _c1965
350 _a0
520 _aShelf 178
942 _n0
948 _c04/03/1997
999 _c85905
_d85905